000 00896nam a22002657i 4500
999 _c23052
_d23052
003 AR-CdUCM
008 240916b20182018 pe||||| |||| 00| 0 spa d
020 _a978-612-319-340-9
040 _aMUNICIPALIDAD PROVINCIAL DEL CUSCO
_cBIBLIOTECA MUNICIPAL DEL CUSCO
041 _hspa
082 _a641.9 / H56
_bH56
100 _aHinostroza Clausen, Gloria
_950467
245 _aLa cocina del Perú :
_bRelatos tradicionales /
260 _aLima :
_bEditorial Planeta Perú, S.A.
_c2018
300 _a212 páginas. :
_c27 cm.
500 _zBibliografía: página 206
505 _aProductos peruanos -- Platos de entradas -- Sopas -- Platos de fondo -- Preparaciones base -- Bebidas
650 _aAnticuchos
_950468
650 _aCebiches
_950469
650 _aAbodo
_950470
650 _aMajarisco
_950471
650 _aEspesado
_950472
942 _2ddc
_cLIBROS
945 _apbj
_d2024-09-16